000 02095nam a2200229 a 4500
003 DO-SdBNP
005 20260305074000.0
007 ta
008 221205e2020 dr ao||gr|||| 001 edspa d
020 _a9789945090604
040 _aDO-SdBNP
_bspa
_cBNPHU
082 4 _222
_bJ62B
245 0 0 _aJoaquín Balaguer:
_bconferencia universidad de Santo Domingo (1958) y otros textos. /
_cCompilación, prólogo y notas de Cándido Gerón.
260 _aSanto Domingo :
_bCorripio,
_c2020
300 _a350 p. :
_bil., fots.,
_c23 cm.
500 _aIncluye índice onomástico, p. 345 - 350
505 _aPrólogo.
_gCONFERENCIAS.
_tDios y Trujillo. Una interpretación realista de la Historia Dominicana.--
_tDiscurso de contestación.--
_tConferencia dictada en la Universidad de Santo Domingo (1958).--
_tConferencia del Secretario Balaguer en al Ateneo Dominicano.--
_tVida, muerte y resurrección de los libros.--
_tAtacar a Trujillo es atacar a su pueblo, Secretario Balaguer.--
_gDISCURSOS.
_tDiscurso pronunciado por el Secretario de Educación Dr. Balaguer en S. P. Macorís
_tBalaguer fija posición de Secretaría frente a problemas de Alfabetización.--
_tMétodo muéstrase hostil al método Global- Balaguer.--
_gOTROS TEXTOS.
_tBalaguer califica el Triunvirato abanderado de la subversión.--
_tDiscurso doctor Balaguer en Barahona.--
_tDiscurso doctor Balague, 1966.--
_tAlocución del doctor Balaguer a la nación I.--
_tAlocución del doctor Balaguer a la nación II.--
_tCarta de Fabio Mella y Federico Tejada a Balaguer.--
_tAlocución del doctor Balaguer a la nación III.--
_tAlocución del doctor Balaguer a la nación IV.--
_tAlocución del doctor Balaguer a la nación V.--
_tBalaguer reitera decisión.--
_tBalaguer pronuncia discurso en Moca, 1966.--
_tDiscurso del doctor Balaguer, mayo de 1966
_tDiscurso de toma de posesión de Balaguer, 1966
_tDecreto núm. 15 de 4 de julio de 1966, que rebaja los sueldos a los funcionarios públicos.--
_tÍndice onomástico.
590 _aInventariado 2022 / MF
700 1 _aGerón, Candido,
_d1948-
_ecomp.
_93577
910 _aMFeliz
942 _2ddc
_cLBS1
999 _c53058
_d53058